Zákon o službách zamestnanosti - novela zákona

Novela zákona č. 5/2004 Z. z. o službách zamestnanosti a zmeny, ktoré vytvárajú lepšie podmienky pri dochádzke za prácou vrátane možného presťahovania sa s celou rodinou. Príspevok na dochádzku za prácou. Príspevok na podporu mobility za prácou. Príspevok na presťahovanie sa za prácou.

Salvato in:
Dettagli Bibliografici
Autore principale: Tichý, Miroslav
Natura: Capitolo di libro
Lingua:slovacco
Soggetti:
Tags: Aggiungi Tag
Nessun Tag, puoi essere il primo ad aggiungerne!!

MARC

LEADER 00000naa a2200000 4500
001 0243833
005 20180604123721.8
041 0 |a slo 
044 |a SK 
245 1 0 |a Zákon o službách zamestnanosti - novela zákona  |c Miroslav Tichý 
520 |a Novela zákona č. 5/2004 Z. z. o službách zamestnanosti a zmeny, ktoré vytvárajú lepšie podmienky pri dochádzke za prácou vrátane možného presťahovania sa s celou rodinou. Príspevok na dochádzku za prácou. Príspevok na podporu mobility za prácou. Príspevok na presťahovanie sa za prácou. 
610 2 0 |a služby zamestnanosti 
610 2 0 |a zamestnávatelia 
610 2 0 |a zamestnanci 
610 2 0 |a úrady práce 
610 2 0 |a príspevky štátne 
610 2 0 |a práca 
610 2 0 |a pohyb síl pracovných 
610 2 0 |a legislatíva 
610 2 0 |a novelizácia 
100 1 |a Tichý, Miroslav